Primeros conceptos de topología /
Guardado en:
| Autor Principal: | |
|---|---|
| Otros Autores: | |
| Formato: | Libro |
| Idioma: | Spanish English |
| Publicado: |
Madrid :
Alhambra,
1975.
|
| Series: | Vertix ;
31 |
| Etiquetas: |
Agregar Etiqueta
Sin Etiquetas, Sea el primero en etiquetar este registro!
|
| LEADER | 00903nam a22002415a 4500 | ||
|---|---|---|---|
| 001 | MAT.inmabb003219 | ||
| 008 | 051102s1975####sp#a##########001#0#spa#d | ||
| 005 | 20130320123938.0 | ||
| 245 | 1 | 0 | |a Primeros conceptos de topología / |c W. G. Chinn, N. E. Steenrod ; versión española de V. Zorío Blanco. |
| 260 | |a Madrid : |b Alhambra, |c 1975. | ||
| 300 | |a xii, 198 p. : |b il. ; |c 20 cm. | ||
| 490 | 1 | |a Vertix ; |v 31. |a Sección 3, Matemáticas ; |v 9 | |
| 500 | |a Traducción de: First concepts of topology. Random House, 1966. | ||
| 510 | 4 | |a MR, |c 34 #6705 |3 (de la versión original) | |
| 020 | |a 8420505242 | ||
| 100 | 1 | |a Chinn, William G. | |
| 240 | 1 | 0 | |a First concepts of topology. |l Español |
| 700 | 1 | |a Steenrod, Norman Earl, |d 1910-1971. | |
| 830 | 0 | |a Vertix ; |v 31 | |
| 084 | |a 54-01 |2 msc2000 | ||
| 041 | 1 | |a spa |h eng | |
| 859 | |h 54 |i C539 |p A-4391 |b BIB. MATEMATICA | ||
| 859 | |h 54 |i C539 |p A-4599 |t Ej. 2 |b BIB. MATEMATICA | ||
